000 01085cam a2200265 i 4500
003 SA-RiAUC
005 20260123140214.0
008 250717s1987 pk g 00000 ara c
040 _aSA-RiAUC
_bara
_cSA-RiAUC
_erda
082 0 4 _a252.5
090 _aم ن 252.5
_bم ك ي
100 1 _aالمكي، محمد حسن شاه المهاجر.
_eمؤلف.
245 1 0 _aغنية الناسك في بغية المناسك /
_cتأليف محمد حسن شاة الهاجر المكي ؛ الأشرف علي طبعه خليل أحمد الهار نفوري.
250 _aالطبعة الاولى
264 1 _aباكستان :
_bالمطبعة الخيرية،
_c1887
300 _a210 صفحة ؛
_c29سم
336 _aنص
_btxt
_2rdacontent
_3كتاب
337 _aبدون وسيط
_bn
_2rdamedia
338 _aمجلد
_bnc
_2rdacarrier
650 7 _aالحج
_2aucsh
650 7 _aالعبادات (فقه إسلامي)
_2aucsh
700 1 _aالهارنفوري، خليل أحمد
_eمشرف.
942 _2ddc
_cRBOOK COPY
_n0
949 _aSA-JeALM
_d250717
_umohamedma123
_n1
999 _c14139
_d14139